| 000 | 00613nam a2200217Ia 4500 | ||
|---|---|---|---|
| 005 | 20260429111950.0 | ||
| 008 | 260429s9999||||xx |||||||||||||| ||und|| | ||
| 020 | _a9781107184541 | ||
| 041 | _aEnglish | ||
| 082 |
_a515.94 _bNIK |
||
| 100 | _aNikolski, Nikolai | ||
| 245 | 0 |
_aHardy spaces / _cNikolai Nikolski |
|
| 260 |
_aCambridge : _bCambridge University Press, _c2019. |
||
| 300 | _axi, 277 p.; hb | ||
| 440 | _aCambridge studies in advanced mathematics | ||
| 650 | _a Hardy spaces | ||
| 650 | _a Mathematical analysis | ||
| 650 | _a Mathematical functions | ||
| 650 | _aMathematics | ||
| 942 | _cTB | ||
| 999 |
_c51658 _d51658 |
||